| 000 | 00981nam a22001817a 4500 | ||
|---|---|---|---|
| 003 | BDDh-ASL | ||
| 005 | 20231015031324.0 | ||
| 008 | 230410s1992 b ||||| |||| 00| 0 eng d | ||
| 040 |
_aBDDh-ASL _cBDDh-ASL |
||
| 041 | _aeng | ||
| 082 |
_a370 _bEDU |
||
| 245 | 0 | 0 | _aUniversal Knowledge (In One Volume) / |
| 260 | _c1992. | ||
| 300 |
_a2267 p. : _c28 cm. |
||
| 650 | 0 |
_aশিক্ষা, Education, Education system, শিক্ষা ব্যবস্থা, Śikṣā byabasthā, Higher Education, উচ্চ শিক্ষা, Ucca śikṣā, উন্নত শিক্ষা, Unnata śikṣā, Advanced education, প্রাথমিক শিক্ষা, Prāthamika śikṣā, Primary education, উচ্চ মাধ্যমিক শিক্ষা, Ucca mādhyamika śikṣā, Higher secondary education, মাধ্যমিক শিক্ষা, Mādhyamika śikṣā, Secondary Education _95904 |
|
| 700 | 1 |
_aMirza, Naorin _97961 |
|
| 942 |
_2ddc _cBK |
||
| 999 |
_c31855 _d31855 |
||